000 00516nam a2200169 i 4500
001 99156
003 ES-MaACL
005 20251018063057.0
007 t|
008 050902s1954 sp ||||1| spa d
100 1 _aMartín Abril, Francisco Javier,
_d1908-
_977381
245 1 0 _aCartas a una novicia /
_cFrancisco Javier Martín Abril (Juan) [seud.].
260 _aMadrid :
_bLa Editora Católica,
_c1954.
300 _a111 p. ;
_c21 cm.
852 _aES-MaACL
_jC-9586
_bR.37779
999 _c99156
_d99156